Cargando…

Assembly Codes : The Logistics of Media /

"Assembly Codes connects the critical study of logistics to the field of media and communications studies. It documents how logistics-the techniques of organizing and coordinating the movement of materials, bodies, and information-has had a substantial effect on how media is produced, distribut...

Descripción completa

Detalles Bibliográficos
Otros Autores: Zieger, Susan Marjorie (Editor ), Starosielski, Nicole, 1984- (Editor ), Hockenberry, Matthew Curtis, 1982- (Editor )
Formato: Electrónico eBook
Idioma:Inglés
Publicado: Durham : Duke University Press, 2021.
Colección:Book collections on Project MUSE.
Temas:
Acceso en línea:Texto completo

MARC

LEADER 00000cam a22000004a 4500
001 musev2_85170
003 MdBmJHUP
005 20230905052743.0
006 m o d
007 cr||||||||nn|n
008 210205s2021 ncu o 00 0 eng d
010 |z  2020052553 
020 |a 9781478013037 
020 |z 9781478010760 
020 |z 9781478009733 
035 |a (OCoLC)1257552696 
040 |a MdBmJHUP  |c MdBmJHUP 
245 0 0 |a Assembly Codes :   |b The Logistics of Media /   |c edited by Matthew Hockenberry, Nicole Starosielski and Susan Zieger. 
264 1 |a Durham :  |b Duke University Press,  |c 2021. 
264 3 |a Baltimore, Md. :  |b Project MUSE,   |c 2021 
264 4 |c ©2021. 
300 |a 1 online resource (260 pages). 
336 |a text  |b txt  |2 rdacontent 
337 |a computer  |b c  |2 rdamedia 
338 |a online resource  |b cr  |2 rdacarrier 
505 0 |a Some assembly required / John Durham Peters -- Introduction: The logistics of media / Matthew Hockenberry, Nicole Starosielski, and Susan Zieger -- Habits of assembly / Stefano Harney and Fred Moten -- Inter: Storage solutions -- "Shipped": paper, print, and the Atlantic slave trade / Susan Zieger -- Inter: Logistical magic -- Pan-African logistics / Ebony Coletu -- Inter: The march of data -- The pulse of global passage : listening to logistics / Shannon Mattern -- Inter: beneath the Great White Way -- Colonization's logistical media: the ship and the document / Liam Cole Young -- Inter: Always already assembled -- "Every man within earshot" : auditory efficiency in the time of the telephone / Matthew Hockenberry -- Inter: Logistical software -- Logistical media theory, the politics of time, and the geopolitics of automation / Ned Rossiter -- Inter: "It's loud and it's tasteless and I've heard it before" -- Carry that weight : the costs of delivery and the ecology of vinyl records' revival / Michael Palm -- Inter: Sound from a music container -- Supply chain cinema, supply chain education : training creative wizardry for offshored exploitation / Kay Dickinson -- Inter: Forklift cinema -- The politics of cable supply from the British Empire to Huawei Marine / Nicole Starosielski -- Inter: Who watches the watchers? -- Laugh out loud / Tung-Hui Hu. 
520 |a "Assembly Codes connects the critical study of logistics to the field of media and communications studies. It documents how logistics-the techniques of organizing and coordinating the movement of materials, bodies, and information-has had a substantial effect on how media is produced, distributed, and consumed, ranging from the logistics of film production to the construction of digital networks. It reveals how logistical technologies have generated new ways of seeing, and new aesthetic and performative practices. Additionally, the essays reveal how media technologies themselves, from phone systems to software, underpin global production"--  |c Provided by publisher. 
588 |a Description based on print version record. 
650 7 |a Technological innovations  |x Social aspects.  |2 fast  |0 (OCoLC)fst01145049 
650 7 |a Mass media  |x Social aspects.  |2 fast  |0 (OCoLC)fst01011303 
650 7 |a Mass media  |x Political aspects.  |2 fast  |0 (OCoLC)fst01011278 
650 7 |a Mass media  |x Economic aspects.  |2 fast  |0 (OCoLC)fst01011239 
650 7 |a Mass media.  |2 fast  |0 (OCoLC)fst01011219 
650 7 |a Communication  |x Social aspects.  |2 fast  |0 (OCoLC)fst00870009 
650 7 |a Communication and technology.  |2 fast  |0 (OCoLC)fst00870044 
650 0 |a Communication and technology. 
650 0 |a Technological innovations  |x Social aspects. 
650 0 |a Mass media  |x History. 
650 0 |a Mass media  |x Economic aspects. 
650 0 |a Mass media  |x Political aspects. 
650 0 |a Mass media  |x Social aspects. 
650 0 |a Communication  |x Social aspects. 
655 7 |a History.  |2 fast  |0 (OCoLC)fst01411628 
655 7 |a Electronic books.   |2 local 
700 1 |a Zieger, Susan Marjorie,  |e editor. 
700 1 |a Starosielski, Nicole,  |d 1984-  |e editor. 
700 1 |a Hockenberry, Matthew Curtis,  |d 1982-  |e editor. 
710 2 |a Project Muse.  |e distributor 
830 0 |a Book collections on Project MUSE. 
856 4 0 |z Texto completo  |u https://projectmuse.uam.elogim.com/book/85170/ 
945 |a Project MUSE - Custom Collection 
945 |a Project MUSE - 2021 Complete 
945 |a Project MUSE - 2021 Global Cultural Studies